| 000 | 00861nam a2200229 a 4500 | ||
|---|---|---|---|
| 001 | 40602 | ||
| 003 | BD-RjUL | ||
| 005 | 20211209053240.0 | ||
| 008 | 160504s1970 bg ||||| |||| 00| 0 ben d | ||
| 020 | _cTk. 7.00 | ||
| 035 | _a(BD-RjUL)40717 | ||
| 040 |
_aBD-RjUL _bben _cBD-RjUL |
||
| 041 | _aben | ||
| 082 |
_223 _a297.07 _bRAS 1970 |
||
| 100 |
_aরশীদ, আ. ন. ম. বজলুর _9124957 |
||
| 245 | 1 | 0 |
_aশাহ্ আবদুল লতীফ ভিটাঈ : _b[ জীবন, কাব্য ও অনুবাদ ] / _cআ. ন. ম. বজলুর রশীদ |
| 260 |
_aঢাকা : _bবাঙলা একাডেমী, _c১৯৭০ |
||
| 300 |
_a[১৬], ২৫৬ পৃ. ; _c২১ সেমি. |
||
| 650 |
_aইসলামী সাহিত্য _9124958 |
||
| 650 |
_aIslamic literature _9124959 |
||
| 942 |
_2ddc _cBK |
||
| 999 |
_c40602 _d40602 |
||